000 00289nam a22001337a 4500
008 170227b xxu||||| |||| 00| 0 eng d
020 _a0721619606
041 _aeng
080 _22ND
_a617
100 _a5
101 _aSHK
245 _aSURGICAL TECHNOLOGY
_cFULLER, J.R
942 _2udc
_cBK
999 _c6274
_d6274